00289nam a2200121Ia 4500008004100000041000800041082001200049100001700061245001700078260003700095300002400132365001100156240624s9999 xx 000 0 und d aeng a823 BEN aBENNETT ALAN aFOUR STORIES c2007aLondonbProfile Books Ltd. a282 : p. : cm. ; 19 cRSb33